Регионална библиотека "Любен Каравелов" - Русе

Домашен бит и техника за ІV клас (Запис номер 147841)

MARC детайли
000 -Лидер
Контролно поле с фиксирана дължина 02156nam a2200433 c 4500
003 - Код на организацията, давaща контролен номер
Контролно поле BLK
005 - Дата и час на последна редакция
Контролно поле 20240427142216.0
008 - Елементи от данни с фиксирана дължина
fixed length control field 180410b bul|||||r ||||||| ||bul||
010 ## - Наследен системен номер
LC control number KNG00154059000
020 ## - Международен стандартен номер на книга ISBN
Международен стандартен номер на книга ISBN 978-954-9412-39-0
-- издат.: Бит и техника
040 ## - Източник на каталожния запис
Идентификатор на билиотеката - собственик на записа BLK
041 ## - Код за език
Код за езика на текст/звукозапис или на отделно заглавие Български
Код за езика КДБФ Български
072 #7 - Код за тематичната категория
Код организация bullib
Код за тематична категория Н372
Текст Учебни предмети. Учебници Н
080 ## - УДК
Текстов определител УДК Специално обучение като елемент на общообразователното обучение - Обучение по техника, домакинство, селско стопанство и др.
УДК код - определител по УДК 373.6
УДК определител (075.2)
УДК - код + определител 373.6(075.2)
100 1# - Редна дума - Автор
Автор Николова, Тодорка Николова
Авторска отговорност първи автор
R(LIN) 364727
139 ## - Редно поле
Редна дума Домашен бит и техника за ІV клас
Авторски знак Дом - Д 76
245 10 - Сведения за заглавието
Заглавие Домашен бит и техника за ІV клас
Редно поле (дума) Тодорка Николова Николова; * Силвия Маркова Гърневска; * Светла Костова Ананиева; * Валентин Георгиев Ананиев.
250 ## - Област на изданието
Сведения за изданието 3. изд.
257 ## - Страна на издаване
Страна на създаване/издаване България
260 ## - Област на издателските данни
-- Варна
Име на издателя, разпространителя и проч. Бит и техника
Година на издаване 2011
Печатница Варна : Хеликс прес
300 ## - Физическа характеристика
Страници 36 с.
Илюстрации и др. с цв. ил.
Размери/Мащаб 29 см
380 ## - Жанр
Жанр Обществени науки
500 ## - Общи забележки
Забележка Кор. опис. - 1. изд. 2005. - Доп. тир. 2015.
650 #4 - Допълнително описание по предмет – тема
Основно описание – тема или топоним Методика на преподаването - в началното училище
9 (RLIN) 261899
653 ## - Ключова дума – ненормативна
Ключова дума бит
653 ## - Ключова дума – ненормативна
Ключова дума техника
653 ## - Ключова дума – ненормативна
Ключова дума учебници за основни училища
653 ## - Ключова дума – ненормативна
Ключова дума ІV кл.
659 ## - Тематичен бюлетин
Тематичен бюлетин Н
700 1# - Други автори (авторска отговорност)
Лично име Гърневска, Силвия Маркова
Автороска отговорност (Описва отношението между автора и произведението) *
9 (RLIN) 303701
700 1# - Други автори (авторска отговорност)
Лично име Ананиева, Светла Костова
Автороска отговорност (Описва отношението между автора и произведението) *
9 (RLIN) 373498
700 1# - Други автори (авторска отговорност)
Лично име Ананиев, Валентин Георгиев
Автороска отговорност (Описва отношението между автора и произведението) *
9 (RLIN) 373497
852 ## - Местоположение
Форматна сигнатура Цб ІІ 19658
856 4# - Електронен адрес и достъп
Електронен формат pdf - файл
Път до файла /url/
856 4# - Електронен адрес и достъп
Електронен формат pdf - файл
Път до файла /url/
942 ## - АРТИКУЛИ
Вид на библиотечния материал Книги
Скрит в OPAC Не
Koha issues (borrowed), all copies 3
944 ## - СЪЗДАВАНЕ И РЕДАКЦИЯ на ЗАПИСА
Създаване/Редакция Създаване
Дата на регистрацията/редакция 29.11.2013
Статус, дата на статуса Грета Цуфелде
Служител, извършил регистрацията/редакцията 30537
944 ## - СЪЗДАВАНЕ И РЕДАКЦИЯ на ЗАПИСА
Създаване/Редакция Редакция
Дата на регистрацията/редакция 25.11.2015
Статус, дата на статуса ф /
Служител, извършил регистрацията/редакцията Людмила_Стоянова
999 ## - СИСТЕМНИ КОНТРОЛНИ НОМЕРА
Koha biblionumber 147841
Koha biblioitemnumber 147841
Наличности
Код за отписване Код за изгубен артикул Код за повреда Коз за рестрикции Код за отдаване Артикулен № Име на библиотеката - собственик Име на библиотеката, в която се намира в момента Статус (Текущо местоположение) Дата на вписване в системата Местоположение - отдел Цена в лева Инвентарен номер Систематично азбучна сигнатура Баркод Номер на екземпляра Цена в евро Служебна бележка Служебен тип на артикула Източник на класификационната схема
  Не е изгубен Не е повреден без рестрикции ползва се в читалня 245759 Регионална библиотека "Любен Каравелов" Русе Регионална библиотека "Любен Каравелов" Русе Хранилище 2013-12-02 Хранилище 3.00 120000772332 Цб ІІ 19658 120000772332 1 1.53 Дост: Dp Вид: Д N: 49 Дата: 04.12.2012 Книги  
  Не е изгубен Не е повреден без рестрикции заемане за дома 245760 Регионална библиотека "Любен Каравелов" Русе Регионална библиотека "Любен Каравелов" Русе Детски отдел 2015-11-05 Детски отдел 5.00 120000794307 ДН 373.3.016/Д 76 120000794307 2 2.56 Дост: DA Вид: А N: 21 Дата: 05.11.2015 Книги Universal Decimal Classification
Vip Innovations Ltd, Rousse, Bulgaria 2025